Quizz Culture générale autour du mot "Cendre" - Statistiques

Statistiques générales
  • Ce quiz a été pris 55 fois
    36 depuis la dernière actualisation
  • Le résultat moyen est 7 sur 20
Statistiques - réponses
Question Réponse % Correct
Quel animal mythologique renait de ses cendres ? le phénix
100%
Le Cendre est une commune du Puy-de-Dôme
67%
La cendre de bois ne contient pas d'uranium
67%
Quel fromage présente une couche de cendre au milieu ? le morbier
67%
Nos anciens se servait des cendres pour nettoyer linge et objets
67%
Où sont conservées les cendres de Voltaire ? Au Panthéon
50%
Où reposent les cendres de Louis XVI ? dans la basilique de Saint-Denis
50%
Pour les Chrétiens, le mercredi des Cendres Marque le début du Carême
50%
Quelle ville n'a pas été ensevelie sous les cendres lors de l'éruption du Vésuve de 79? Naples
50%
Sur quelle plateforme peut-on voir le film Les Cendres en 2024 ? Netflix
50%
Cendre en italien se dit Cenere
33%
Quelle chanteuse a sorti un album appelé Cendres de lune Mylène Farmer
33%
Qui chante "De cendres et de terre" Calogero
17%
Quand Notre-Dame de Paris sera rouverte au public après le terrible incendie de 2019 ? En décembre 2024
17%
En quelle année s'est déroulé le retour des cendres de Napoléon 1er ? 1840
0%
Qui a dit "Le feu qui semble éteint souvent dort sous la cendre" Corneille
0%
Quel lien entre Cendrillon et les cendres ? Elle s'asseyait près du feu le soir
0%
De quelle couleur sont des cheveux cendrés ? Gris-bleu
0%
Les Touaregs mangent un pain cuit sous la cendre appelé Taguella
0%
Axl Cendres (1981-2019) était Une auteure
0%
Aucun quiz correspondant
Distribution des résultats
% des personnes avec chaque résultat
Percentile par nombre de réponses
Votre historique - résultats
Vous n’avez pas pris ce quiz depuis la dernière actualisation